| 000 | 00534nam a2200157Ia 4500 | ||
|---|---|---|---|
| 008 | 170221s9999 xx 000 0 und d | ||
| 100 | _aPascoe, Gerald James. | ||
| 245 | 2 | _aA Qualitative Textual and Comparative Analysis of the Representation of Masculinity in the Action and Romantic Comedy Genres | |
| 245 | _cGerald James Pascoe | ||
| 260 | _bOnline Journal of Communication and Media Technologies | ||
| 260 | _c2013 | ||
| 300 | _a1 : | ||
| 650 | _xCommunication | ||
| 650 | _xMedia Arts | ||
| 856 | _uhttp://www.ojcmt.net/ | ||
| 999 |
_c308854 _d308854 |
||